[Event "GER-chT U12 Girls"]
[Site "Magdeburg"]
[Date "2023.12.28"]
[Round "3.7"]
[White "Oezdemir, Anna Valentina"]
[Black "Becker, Emma"]
[Result "1-0"]
[WhiteElo "693"]
[BlackElo "748"]
[PlyCount "59"]
[EventDate "2023.12.26"]
[EventType "team-swiss"]
[EventRounds "7"]
[EventCountry "GER"]
[SourceTitle "CB03_2024"]
[SourceDate "2024.01.17"]
[SourceVersion "1"]
[SourceVersionDate "2024.01.17"]
[SourceQuality "1"]
[WhiteTeam "Duesseldorf SK"]
[BlackTeam "Oberland"]
[WhiteTeamCountry "GER"]
[BlackTeamCountry "GER"]

1. e4 e5 2. Nf3 Nc6 3. d4 d6 4. Bc4 Be6 5. d5 Bd7 6. dxc6 Bxc6 7. Bg5 Qd7 8. Nc3 f6 9. Bd2 Ne7 10. 0-0 d5 11. exd5 Bxd5 12. Bb5 c6 13. Be2 Be6 14. Bd3 Bh3 15. gxh3 Nc8 16. Qe2 h5 17. Bg6+ Ke7 18. Be3 Rh6 19. Bxh6 gxh6 20. Rad1 Qe6 21. Bxh5 Qg8+ 22. Bg4 f5 23. Qxe5+ Qe6 24. Qc5+ Ke8 25. Bh5+ Qf7 26. Bxf7+ Kxf7 27. Rd7+ Ke8 28. Qxf5 Nd6 29. Re1+ Be7 30. Rexe7# 1-0

[Event "GER-chT U12 Girls"]
[Site "Magdeburg"]
[Date "2023.12.27"]
[Round "2.5"]
[White "Wolf, Aurelia"]
[Black "Oezdemir, Anna Valentina"]
[Result "0-1"]
[WhiteElo "1001"]
[BlackElo "693"]
[PlyCount "118"]
[EventDate "2023.12.26"]
[EventType "team-swiss"]
[EventRounds "7"]
[EventCountry "GER"]
[SourceTitle "CB03_2024"]
[SourceDate "2024.01.17"]
[SourceVersion "1"]
[SourceVersionDate "2024.01.17"]
[SourceQuality "1"]
[WhiteTeam "Bad Homburg"]
[BlackTeam "Duesseldorf SK"]
[WhiteTeamCountry "GER"]
[BlackTeamCountry "GER"]

1. e4 e5 2. Nf3 Nc6 3. Bc4 Bb4 4. a3 Be7 5. c3 Nf6 6. d4 exd4 7. cxd4 Nxe4 8. d5 Na5 9. Bd3 Nf6 10. b4 Nxd5 11. bxa5 Bf6 12. Ra2 Bc3+ 13. Bd2 Qe7+ 14. Be2 Bxd2+ 15. Qxd2 Nf6 16. 0-0 d6 17. Bb5+ c6 18. Re1 Be6 19. Bc4 d5 20. Bb3 0-0 21. Ng5 Qd6 22. Qd3 c5 23. Qb5 c4 24. Bc2 Rab8 25. Bd1 a6 26. Qa4 b5 27. axb6 Rxb6 28. Bf3 Bd7 29. Qa5 Rb5 30. Qc3 h6 31. Nh3 Qb6 32. Qc2 d4 33. Nd2 d3 34. Qxc4 Be6 35. Rxe6 fxe6 36. Qxd3 Rd8 37. Qc4 Rb1+ 38. Nf1 Rd4 39. Qc8+ Rd8 40. Qc4 Kh7 41. Be4+ Nxe4 42. Qxe4+ Kh8 43. g3 Qb5 44. Kg2 Qxf1+ 45. Kf3 Rb3+ 46. Kf4 Qxh3 47. Rc2 Rf8+ 48. Ke5 Rb5+ 49. Kd4 Rd5+ 50. Ke3 Qh5 51. a4 Re5 52. Kd3 Rxe4 53. Kxe4 Qf3+ 54. Kd4 e5+ 55. Kc4 Rc8+ 56. Kb4 Rxc2 57. Ka5 Rb2 58. h4 Qd5+ 59. Kxa6 Qa8# 0-1